[Event "Manizales Feria op 29th"]
[Site "Manizales"]
[Date "2024.01.07"]
[Round "4"]
[White "Penalosa Alvarez, Federico"]
[Black "Mogollon Garcia, Juan David"]
[Result "1-0"]
[WhiteElo "1354"]
[BlackElo "1500"]
[PlyCount "49"]
[EventDate "2024.01.05"]
[EventType "swiss"]
[EventRounds "7"]
[EventCountry "COL"]
[SourceTitle "CBM 218 Extra"]
[Source "ChessBase"]
[SourceDate "2024.03.31"]
[SourceVersion "1"]
[SourceVersionDate "2024.03.31"]
[SourceQuality "1"]

1. e4 d5 2. exd5 Qxd5 3. Nc3 Qc6 4. Bb5 Bf5 5. Bxc6+ Nxc6 6. Nf3 e6 7. 0-0 Bd6 8. b3 Nf6 9. Bb2 0-0-0 10. d3 Bg4 11. h3 Bh5 12. Nb5 Kb8 13. a4 Be5 14. d4 Bf4 15. Qe2 e5 16. dxe5 Rd2 17. Qc4 Rc8 18. Nxd2 Bxd2 19. exf6 gxf6 20. Qd5 a6 21. Qxd2 axb5 22. axb5 Na7 23. Qa5 c6 24. b6 Nb5 25. Qa8# 1-0